Povrchové dobývací stroje : úvodní část /

Hlavní autor: Hojdar, Josef, 1919-2000
Další autoři: Helebrant, František, 1948-
Jazyk: Čeština
Vydáno: Ostrava : Vysoká škola báňská, 1983
Vydání: 1. vyd.
Témata:
Fyzický popis: 59 s. : il. ; 29 cm
Knihy
Uloženo v:
LEADER 01217nam a22003492a 4500
001 000919250
003 CZ BrMZK
005 20081030092401.0
007 ta
008 081030s1983 xr a er|||||||||||cze d
015 |z cnb000008582 
020 |q (Brož.) :  |c 7 Kčs 
035 |a (OCoLC)39592862 
040 |a ABA001  |b cze  |d ABA001  |d BOA001 
080 9 |a 622.271.3 
080 9 |a 622.23 
080 9 |a 622.232 
100 1 |a Hojdar, Josef,  |d 1919-2000  |7 jk01041623  |4 aut 
245 1 0 |a Povrchové dobývací stroje :  |b úvodní část /  |c Josef Hojdar, František Helebrant 
250 |a 1. vyd. 
260 |a Ostrava :  |b Vysoká škola báňská,  |c 1983 
300 |a 59 s. :  |b il. ;  |c 29 cm 
500 |a 200 výt. 
504 |a Obsahuje bibliografii 
655 7 |a učebnice vysokých škol  |7 fd133772  |2 czenas 
700 1 |a Helebrant, František,  |d 1948-  |7 jx20031216001  |4 aut 
910 |a BOA001  |b 4-0872.694 
964 |a Povrchové dobývací stroje - učebnice - vysoké školy 
990 |a BK 
991 |b 200810 
996 7 |b 2619327871  |c 4-0872.694  |l MZK  |r Sklad / do 1 hodiny  |n 4  |w 000919250  |u 000020  |a 1  |e BOA001  |j MZK50  |s A 
996 6 |b BC-614642  |c 4-0872.694  |l MZK  |r Sklad / do 1 hodiny  |n 0  |w 000919250  |u 000010  |a 1  |e BOA001  |j MZK50  |s P